| 000 | 00000nam 2200000zi 4500 |
| 001 | 9.904476 |
| 003 | CaOODSP |
| 005 | 20250107144056 |
| 006 | m o d f |
| 007 | cr |n||||||||| |
| 008 | 211028t20212021oncd ob f|0| 0 eng d |
| 040 | |aCaOODSP|beng|erda|cCaOODSP |
| 043 | |an-cn--- |
| 086 | 1 |aCS75-006/2021-10E-PDF |
| 100 | 1 |aCornelissen, Louis, |eauthor. |
| 245 | 10|aReligiosity in Canada and its evolution from 1985 to 2019 / |cby Louis Cornelissen. |
| 264 | 1|a[Ottawa] : |bStatistics Canada = Statistique Canada, |c2021. |
| 264 | 4|c©2021 |
| 300 | |a1 online resource (18 pages) : |bcharts. |
| 336 | |atext|btxt|2rdacontent |
| 337 | |acomputer|bc|2rdamedia |
| 338 | |aonline resource|bcr|2rdacarrier |
| 490 | 1 |aInsights on Canadian society, |x2291-0840 |
| 500 | |aIssued also in French under title: La religiosité au Canada et son évolution de 1985 à 2019. |
| 500 | |aIssued also in HTML format. |
| 500 | |a"Release date: October 28, 2021." |
| 504 | |aIncludes bibliographical references (pages 17-18). |
| 651 | 0|aCanada|xReligion|vStatistics. |
| 655 | 7|aStatistics|2lcgft |
| 710 | 2 |aStatistics Canada, |eissuing body. |
| 775 | 08|tLa religiosité au Canada et son évolution de 1985 à 2019 / |w(CaOODSP)9.904477 |
| 830 | #0|aInsights on Canadian society (Statistics Canada)|x2291-0840|w(CaOODSP)9.507406 |
| 856 | 40|qPDF|s595 KB|uhttps://publications.gc.ca/collections/collection_2021/statcan/75-006-x/75-006-2021-10-eng.pdf |
| 856 | 4 |qHTML|sN/A|uhttps://www150.statcan.gc.ca/n1/pub/75-006-x/2021001/article/00010-eng.htm |